London Underground Stations by Synonyms - Statistics

General Stats
  • This quiz has been taken 121 times
  • The average score is 11 of 20
Answer Stats
Hint Answer % Correct
Aquatoilet Waterloo
90%
Ancient Lane Old Street
78%
Jade Playground Green Park
74%
Kilometer Finish Mile End
74%
Rulers Angry King’s Cross St Pancras
68%
Mutilate Ocean Energy Station Battersea Power Station
62%
Netherlands Playground Holland Park
62%
Forest Emerald Wood Green
56%
Scorched Hardwood Burnt Oak
55%
Alpine Bungalow Swiss Cottage
55%
Herdsman's Hedge Shepherd's Bush
53%
Memorial Monument
52%
Mosque Temple
51%
Skyscraper Knoll Tower Hill
46%
Seraphim Angel
45%
IX Ulcuses Nine Elms
44%
Gulf H2O Bayswater
41%
Chef Road Baker Street
40%
Her Majesty's Conceal Queensbury
33%
Crows Forum Play Area Ravenscourt Park
19%
No matching quizzes found
Score Distribution
Percent of People with Each Score
Percentile by Number Answered
Your Score History
You have not taken this quiz